Oficio de Miguel Cabrera de Nevares dirigido a los Sres. Presidente y Secretario del Ateneo Científico y Literario comunicándoles que ofrece todo el apoyo de la autoridad que ejerce en el gobierno político de la provincia a esta Corporación / (Record no. 38159)

MARC details
000 -LEADER
campo de control de longitud fija 00698nam a2200169 i 4500
001 - NÚMERO DE CONTROL
campo de control 38159
003 - IDENTIFICADOR DE NÚMERO DE CONTROL
campo de control ES-MaACL
005 - FECHA Y HORA DE LA ÚLTIMA TRANSACCIÓN
campo de control 20251110063219.0
007 - CAMPO FIJO DE DESCRIPCIÓN FÍSICA--INFORMACIÓN GENERAL
campo de control de longitud fija t|
008 - DATOS DE LONGITUD FIJA--INFORMACIÓN GENERAL
campo de control de longitud fija 030224s1837 sp ||||1| spa d
100 1# - ENTRADA PRINCIPAL--NOMBRE DE PERSONA
Nombre de persona Cabrera de Nevares, Miguel,
Fechas asociadas al nombre 1786-1843
9 (RLIN) 33309
245 10 - MENCIÓN DEL TÍTULO
Título Oficio de Miguel Cabrera de Nevares dirigido a los Sres. Presidente y Secretario del Ateneo Científico y Literario comunicándoles que ofrece todo el apoyo de la autoridad que ejerce en el gobierno político de la provincia a esta Corporación /
Mención de responsabilidad, etc. Miguel Cabrera de Nevares.
260 ## - PUBLICACIÓN, DISTRIBUCIÓN, ETC.
Lugar de publicación, distribución, etc. Madrid :
Nombre del editor, distribuidor, etc. [s.n.],
Fecha de publicación, distribución, etc. 1837.
300 ## - DESCRIPCIÓN FÍSICA
Extensión 1 v. ;
Dimensiones 31 cm.
852 ## - LOCALIZACIÓN
Ubicación ES-MaACL
Número de control de estantería P-1-32-D.D.
Holdings
Estatus retirado Estado de pérdida Estado de daño No para préstamo Colección Biblioteca de origen Biblioteca actual Ubicación en estantería Fecha de adquisición Fuente de adquisición Total de préstamos Signatura topográfica completa Código de barras Visto por última vez Precio de reemplazo Tipo de ítem Koha
        Libros del s. XIX Biblioteca del Ateneo de Madrid Biblioteca del Ateneo de Madrid Depósito 2 17/01/2008     P-1-32-D.D. 1040171 23/02/2023 23/02/2023 Libro impreso antiguo